000 00692nam a2200289Ia 4500
005 20260324134158.0
008 008 260324s9999 xx 000 0 eng d
020 _a9780203995747
037 _aEBOOK
040 _aCRL
040 _beng
040 _cCRL
041 _2eng
041 _aeng
084 _qCRL
100 _aStuart C Aitken
_91195869
245 4 _aThe Geographies of Young People
245 4 _bThe Morally Contested Spaces of Identity
260 _bTaylor and Francis
260 _c2002
365 _a
365 _b290
856 _uhttp://www.taylorfrancis.com/books/9780203995747
942 _cEBOOK
999 _c1795651
_d1795651